Land reform : Land settlement and cooperatives

में बचाया:
ग्रंथसूची विवरण
स्वरूप: पुस्तक
भाषा:Undetermined
प्रकाशित: Rome, Italy Food & Agriculture Organi 2007
विषय:
टैग : टैग जोड़ें
कोई टैग नहीं, इस रिकॉर्ड को टैग करने वाले पहले व्यक्ति बनें!
Thư viện lưu trữ: Trung tâm Học liệu Trường Đại học Cần Thơ
LEADER 00584nam a2200181Ia 4500
001 CTU_169350
008 210402s9999 xx 000 0 und d
082 |a 631 
082 |b L253 
245 0 |a Land reform : 
245 0 |b Land settlement and cooperatives 
260 |a Rome, Italy 
260 |b Food & Agriculture Organi 
260 |c 2007 
650 |a Land use,Land reform,Sử dụng đất,Cải cách ruộng đất 
650 |x Planning,Planning,Kế hoạch,Kế hoạch 
904 |i Thu Trinh,QHieu 
980 |a Trung tâm Học liệu Trường Đại học Cần Thơ